XIV Российская ежегодная конференция молодых научных сотрудников и аспирантов "Физико-химия и технология неорганических материалов" (с международным участием), 17-20 октября 2017 г., [Москва] (Запись № 11574780)

Подробности
000 -МАРКЕР
контрольное поле 02664nam0a2200421 4500
001 - ИДЕНТИФИКАТОР ЗАПИСИ
контрольное поле RU\NLR\BIBL_A\011740305
005 - ИДЕНТИФИКАТОР ВЕРСИИ
контрольное поле 20180711115710.0
010 ## - МЕЖДУНАРОДНЫЙ СТАНДАРТНЫЙ НОМЕР КНИГИ (ISBN)
Номер (ISBN) 978-5-4465-1273-7
021 ## - НОМЕР ГОСУДАРСТВЕННОЙ РЕГИСТРАЦИИ
Код страны Российская Федерация
Номер КН-П-18-037615
Номер Листа государственной регистраци КН-П-18-2715
035 ## - ДРУГИЕ СИСТЕМНЫЕ НОМЕРА
Идентификатор записи (NLR Aleph) 011740305
035 ## - ДРУГИЕ СИСТЕМНЫЕ НОМЕРА
Идентификатор записи (RuMoRGB)009642676
100 ## - ДАННЫЕ ОБЩЕЙ ОБРАБОТКИ
Данные общей обработки 20180629d2017 k y0rusy50 ca
101 0# - ЯЗЫК РЕСУРСА
Язык текста, звукозаписи и т.д. русский
-- английский
102 ## - СТРАНА ПУБЛИКАЦИИ ИЛИ ПРОИЗВОДСТВА
Страна публикации Российская Федерация
105 ## - ПОЛЕ КОДИРОВАННЫХ ДАННЫХ: ТЕКСТОВЫЕ МАТЕРИАЛЫ, МОНОГРАФИЧЕСКИЕ
Кодированные данные о монографическом текстовом документе a z 101zy
200 1# - ЗАГЛАВИЕ И СВЕДЕНИЯ ОБ ОТВЕТСТВЕННОСТИ
Основное заглавие XIV Российская ежегодная конференция молодых научных сотрудников и аспирантов "Физико-химия и технология неорганических материалов" (с международным участием), 17-20 октября 2017 г., [Москва]
Сведения, относящиеся к заглавию сборник трудов конференции
210 ## - ПУБЛИКАЦИЯ, РАСПРОСТРАНЕНИЕ И ДР.
Место издания, распространения и т.д. Москва
Имя издателя, распространителя и т. д. ИМЕТ РАН
Дата издания, распространения и т.д. 2017
215 ## - ФИЗИЧЕСКАЯ ХАРАКТЕРИСТИКА
Специфическое обозначение материала и объем 485 с.
Другие сведения о физической характеристике ил., табл.
Размеры 21
300 ## - ОБЩИЕ ПРИМЕЧАНИЯ
Текст примечания Загл. обл.: Физико-химия и технология неорганических материалов
300 ## - ОБЩИЕ ПРИМЕЧАНИЯ
Текст примечания Текст рус., англ.
313 ## - ПРИМЕЧАНИЯ, ОТНОСЯЩИЕСЯ К ТЕМАТИЧЕСКОМУ ДОСТУПУ
Текст примечания По X конф. 2013 г.
320 ## - ПРИМЕЧАНИЯ О НАЛИЧИИ В ДОКУМЕНТЕ БИБЛИОГРАФИИ / УКАЗАТЕЛЯ
Текст примечания Библиогр. в конце ст.
320 ## - ПРИМЕЧАНИЯ О НАЛИЧИИ В ДОКУМЕНТЕ БИБЛИОГРАФИИ / УКАЗАТЕЛЯ
Текст примечания Алф. указ.: с. 482-485
512 1# - ЗАГЛАВИЕ ОБЛОЖКИ
Заглавие обложки Физико-химия и технология неорганических материалов
517 1# - ДРУГИЕ ВАРИАНТЫ ЗАГЛАВИЯ
Вариант заглавия Четырнадцатая Российская ежегодная конференция молодых научных сотрудников и аспирантов "Физико-химия и технология неорганических материалов" (с международным участием)
606 1# - НАИМЕНОВАНИЕ ТЕМЫ КАК ПРЕДМЕТ
Наименование темы Неорганические материалы
Формальный подзаголовок Съезды, совещания и т.п
Тематический подзаголовок Производство
Системный номер авторитетной/нормативной записи 1709137
Идентификатор авторитетной/нормативной записи RU\NLR\AUTH\66761593
606 1# - НАИМЕНОВАНИЕ ТЕМЫ КАК ПРЕДМЕТ
Наименование темы Неорганические материалы
Формальный подзаголовок Съезды, совещания и т.п
Тематический подзаголовок Физико-химические свойства
Системный номер авторитетной/нормативной записи 2174289
Идентификатор авторитетной/нормативной записи RU\NLR\AUTH\661307751
686 ## - ИНДЕКСЫ ДРУГИХ КЛАССИФИКАЦИЙ
Индекс Ж3я431(2)
Код системы
686 ## - ИНДЕКСЫ ДРУГИХ КЛАССИФИКАЦИЙ
Индекс К39я431(2)
Код системы
686 1# - ИНДЕКСЫ ДРУГИХ КЛАССИФИКАЦИЙ
Индекс Л20я431(2)
710 12 - НАИМЕНОВАНИЕ ОРГАНИЗАЦИИ - ПЕРВИЧНАЯ ОТВЕТСТВЕННОСТЬ
Начальный элемент ввода "Физико-химия и технология неорганических материалов", российская конференция молодых научных сотрудников и аспирантов (с международным участием)
Порядковый номер временной организации и / или порядковый номер ее части 14
Место проведения временной организации Москва
Дата проведения временной организации 2017
Системный номер авторитетной/нормативной записи 613609
Идентификатор авторитетной/нормативной записи RU\NLR\AUTH\880476165
942 ## - ДОПОЛНИТЕЛЬНЫЕ ЭЛЕМЕНТЫ ЗАПИСИ (АБИС)
Тип экземпляра АБИС Книга
980 ## - КОЛЛЕКЦИЯ
Название коллекции НБР
980 ## - КОЛЛЕКЦИЯ
Название коллекции Национальная библиография

Нет доступных экземпляров.